Mastering the BDS III Year (Record no. 32800)
[ view plain ]
| 000 -LEADER | |
|---|---|
| fixed length control field | 00326nam a22001457a 4500 |
| 003 - CONTROL NUMBER IDENTIFIER | |
| control field | SGT |
| 020 ## - INTERNATIONAL STANDARD BOOK NUMBER | |
| International Standard Book Number | 9789366164939 |
| 082 ## - DEWEY DECIMAL CLASSIFICATION NUMBER | |
| Classification number | 617.5 |
| Item number | M25G |
| 100 ## - MAIN ENTRY--PERSONAL NAME | |
| Personal name | Gupta, Hemant |
| 245 ## - TITLE STATEMENT | |
| Title | Mastering the BDS III Year |
| 250 ## - EDITION STATEMENT | |
| Edition statement | 12th Ed. |
| 260 ## - PUBLICATION, DISTRIBUTION, ETC. (IMPRINT) | |
| Place of publication, distribution, etc | Delhi, India |
| Name of publisher, distributor, etc | Jaypee Publishers |
| Year of Publication | 2025 |
| 300 ## - PAGE DESCRIPTION | |
| No. of Pages | 928 |
| 942 ## - ADDED ENTRY ELEMENTS (KOHA) | |
| Source of classification or shelving scheme | Dewey Decimal Classification |
| Koha item type | Books |
| Withdrawn status | Lost status | Source of classification or shelving scheme | Damaged status | Not for loan | Home library | Current library | Shelving location | Date acquired | Vendor Name | Cost, normal purchase price | SGTU | Bill Number | Total Checkouts | Full call number | Accession No. (Barcode) | Checked out | Date last seen | Date last borrowed | Bill Date | Koha item type |
|---|---|---|---|---|---|---|---|---|---|---|---|---|---|---|---|---|---|---|---|---|
| Dewey Decimal Classification | SGT Dental Library | SGT Dental Library | Text Book | 11/10/2025 | Ahuja Book Co. Pvt. Ltd. | 1395.00 | SGTU | 21713 | 18 | 617.5 M25G | FD9837 | 17/06/2026 | 03/06/2026 | 03/06/2026 | Books | |||||
| Dewey Decimal Classification | SGT Dental Library | SGT Dental Library | Text Book | 11/10/2025 | Ahuja Book Co. Pvt. Ltd. | 1395.00 | SGTU | 21713 | 20 | 617.5 M25G | FD9838 | 03/06/2026 | 20/05/2026 | 20/05/2026 | Books | |||||
| Dewey Decimal Classification | SGT Dental Library | SGT Dental Library | Text Book | 11/10/2025 | Ahuja Book Co. Pvt. Ltd. | 1395.00 | SGTU | 21713 | 11 | 617.5 M25G | FD9839 | 15/06/2026 | 01/06/2026 | 01/06/2026 | Books | |||||
| Dewey Decimal Classification | SGT Dental Library | SGT Dental Library | Text Book | 11/10/2025 | Ahuja Book Co. Pvt. Ltd. | 1395.00 | SGTU | 21713 | 17 | 617.5 M25G | FD9840 | 09/06/2026 | 26/05/2026 | 26/05/2026 | Books | |||||
| Dewey Decimal Classification | SGT Dental Library | SGT Dental Library | Text Book | 11/10/2025 | Ahuja Book Co. Pvt. Ltd. | 1395.00 | SGTU | 21713 | 1 | 617.5 M25G | FD9841 | 14/10/2025 | 14/10/2025 | Books |